000 00450nam a2200169 a 4500
005 20140310183208.0
008 030207s19uu xx 00 eng d
020 _a9780553250701
050 _aPZ 7
_b.G799S91 1985
100 _aGreene, Yvonne
245 _aSweet Dreams :
_bthe love hunt /
_cYvonne Greene.
260 _aToronto :
_bBantam books,
_c1985.
300 _a151 p. :
_c18 cm.
650 _aFiction
942 _cBK
_2lcc
999 _c20042
_d20042